[Event "Piestany Slovakia op-A"]
[Site "Piestany"]
[Date "2025.07.15"]
[Round "8"]
[White "Ugorek, Kacper"]
[Black "Lang, Simon"]
[Result "1-0"]
[WhiteElo "2177"]
[BlackElo "2241"]
[PlyCount "93"]
[EventDate "2025.07.08"]
[EventType "swiss"]
[EventRounds "9"]
[EventCountry "SVK"]
[SourceTitle "CB29_2025"]
[SourceDate "2025.07.16"]
[SourceVersion "1"]
[SourceVersionDate "2025.07.16"]
[SourceQuality "1"]

1. d4 Nf6 2. c4 g6 3. Nc3 Bg7 4. e4 d6 5. Be2 0-0 6. Be3 e5 7. d5 a5 8. g4 Na6 9. f3 Nc5 10. Qd2 c6 11. Nh3 cxd5 12. cxd5 Bd7 13. Nf2 a4 14. Rc1 Qa5 15. Nb1 Qa7 16. Na3 Rfc8 17. 0-0 Ne8 18. Bb5 Bxb5 19. Nxb5 Qb6 20. Na3 Bf6 21. Nd3 Qa7 22. Nb5 Qb6 23. Nxd6 Nxd6 24. Rxc5 Rxc5 25. Bxc5 Qd8 26. Qb4 Ra6 27. Rc1 Bg5 28. Rc2 Qf6 29. Kg2 h5 30. h3 Kg7 31. Qc3 hxg4 32. hxg4 Bf4 33. Nxf4 Qxf4 34. Be3 Qf6 35. g5 Qe7 36. Bf4 f6 37. gxf6+ Kxf6 38. Bg3 g5 39. f4 Nxe4 40. fxe5+ Kg7 41. Qd4 Nxg3 42. Kxg3 Rh6 43. e6+ Kh7 44. Qe5 Qf8 45. Rc7+ Kg6 46. Qe4+ Kh5 47. e7 1-0

[Event "Ceske Budejovice IM"]
[Site "Ceske Budejovice"]
[Date "2025.07.04"]
[Round "7"]
[White "Audi, Ameya"]
[Black "Lang, Simon"]
[Result "1-0"]
[WhiteElo "2407"]
[BlackElo "2241"]
[PlyCount "37"]
[EventDate "2025.06.28"]
[EventType "tourn"]
[EventRounds "9"]
[EventCountry "CZE"]
[EventCategory "3"]
[SourceTitle "CB28_2025"]
[SourceDate "2025.07.09"]
[SourceVersion "1"]
[SourceVersionDate "2025.07.09"]
[SourceQuality "1"]

1. e4 c5 2. Nf3 d6 3. d4 cxd4 4. Nxd4 Nf6 5. Nc3 a6 6. Bd3 e6 7. f4 Be7 8. e5 dxe5 9. fxe5 Nd5 10. Qg4 Nxc3 11. bxc3 g6 12. Bh6 Qc7 13. 0-0 Nc6 14. Nxc6 Qxc6 15. Qf4 Bc5+ 16. Kh1 Qc7 17. Rad1 b6 18. Qf6 Rg8 19. Bb5+ 1-0

[Event "Ceske Budejovice IM"]
[Site "Ceske Budejovice"]
[Date "2025.07.03"]
[Round "6"]
[White "Lang, Simon"]
[Black "Rasik, Vitezslav"]
[Result "0-1"]
[WhiteElo "2241"]
[BlackElo "2426"]
[PlyCount "92"]
[EventDate "2025.06.28"]
[EventType "tourn"]
[EventRounds "9"]
[EventCountry "CZE"]
[EventCategory "3"]
[SourceTitle "CB28_2025"]
[SourceDate "2025.07.09"]
[SourceVersion "1"]
[SourceVersionDate "2025.07.09"]
[SourceQuality "1"]

1. e4 d6 2. d4 g6 3. Nc3 Bg7 4. g3 Nf6 5. Bg2 0-0 6. Nge2 e5 7. h3 c6 8. a4 a5 9. Be3 Na6 10. 0-0 Nb4 11. f4 Re8 12. Rc1 exf4 13. Nxf4 Bf5 14. exf5 Rxe3 15. fxg6 hxg6 16. Rf3 Rxf3 17. Bxf3 Qb6 18. Nce2 g5 19. Nh5 Nxh5 20. Bxh5 Nd5 21. Qd3 Nf6 22. Bf3 Qxb2 23. Qf5 Re8 24. Qxg5 Ne4 25. Qf4 d5 26. Rf1 Bxd4+ 27. Kg2 Be5 28. Qf5 Nd6 29. Qg5+ Bg7 30. Nf4 Qxc2+ 31. Rf2 Qf5 32. Qh4 Bf6 33. Qh6 Qg5 34. Qxg5+ Bxg5 35. Bd1 Bxf4 36. Rxf4 Re4 37. Kf3 Kg7 38. h4 f6 39. g4 Rxf4+ 40. Kxf4 d4 41. g5 c5 42. gxf6+ Kxf6 43. h5 b6 44. h6 Nc4 45. Ke4 Nb2 46. Bb3 Kg6 0-1

[Event "Ceske Budejovice IM"]
[Site "Ceske Budejovice"]
[Date "2025.06.30"]
[Round "3"]
[White "Marakovits, Nico"]
[Black "Lang, Simon"]
[Result "1-0"]
[WhiteElo "2291"]
[BlackElo "2241"]
[PlyCount "49"]
[EventDate "2025.06.28"]
[EventType "tourn"]
[EventRounds "9"]
[EventCountry "CZE"]
[EventCategory "3"]
[SourceTitle "CB28_2025"]
[SourceDate "2025.07.09"]
[SourceVersion "1"]
[SourceVersionDate "2025.07.09"]
[SourceQuality "1"]

1. d4 Nf6 2. c4 e6 3. Nc3 Bb4 4. e3 0-0 5. Bd3 d5 6. a3 Bxc3+ 7. bxc3 dxc4 8. Bxc4 c5 9. Nf3 Qc7 10. Be2 b6 11. 0-0 Bb7 12. Bb2 Rd8 13. Bd3 Nbd7 14. Qe2 Qc6 15. c4 Rac8 16. Rfd1 Nf8 17. e4 Qa4 18. d5 exd5 19. Bxf6 gxf6 20. exd5 b5 21. Qe7 bxc4 22. Bf5 Rb8 23. Qxc5 a6 24. Qc7 Ng6 25. Rdb1 1-0

[Event "CZE-chT1E 2425"]
[Site "Czech Republic"]
[Date "2024.11.24"]
[Round "3.2"]
[White "Lang, Simon"]
[Black "Slovak, Kilian"]
[Result "0-1"]
[WhiteElo "2107"]
[BlackElo "2281"]
[PlyCount "62"]
[EventDate "2024.10.20"]
[EventType "team-tourn"]
[EventRounds "11"]
[EventCountry "CZE"]
[SourceTitle "CB16_2025"]
[SourceDate "2025.04.16"]
[SourceVersion "1"]
[SourceVersionDate "2025.04.16"]
[SourceQuality "1"]
[WhiteTeam "Chotebor"]
[BlackTeam "Hostalkova"]
[WhiteTeamCountry "CZE"]
[BlackTeamCountry "CZE"]

1. e4 c5 2. Nf3 d6 3. d4 cxd4 4. Nxd4 Nf6 5. Nc3 g6 6. g3 Bg7 7. Bg2 0-0 8. 0-0 Nc6 9. Nde2 Rb8 10. a4 a6 11. h3 b5 12. axb5 axb5 13. Nd5 Nd7 14. c3 b4 15. Bd2 bxc3 16. Bxc3 Bxc3 17. bxc3 Nc5 18. Nd4 Bd7 19. f4 e6 20. Ne3 Qc7 21. Ng4 f5 22. exf5 gxf5 23. Nh6+ Kg7 24. Bxc6 Bxc6 25. Ra6 Bd5 26. c4 Nxa6 27. cxd5 Kxh6 28. g4 Qc5 29. Rf2 Qxd5 30. Rd2 Qe4 31. Nxf5+ Rxf5 0-1

[Event "EU-ch U18"]
[Site "Prague"]
[Date "2024.08.24"]
[Round "3"]
[White "Kreken, Eivind Grunt"]
[Black "Lang, Simon"]
[Result "1-0"]
[WhiteElo "2294"]
[BlackElo "2138"]
[PlyCount "51"]
[EventDate "2024.08.22"]
[EventType "swiss"]
[EventRounds "9"]
[EventCountry "CZE"]
[SourceTitle "CBM 221 Extra"]
[Source "ChessBase"]
[SourceDate "2024.09.30"]
[SourceVersion "1"]
[SourceVersionDate "2024.09.30"]
[SourceQuality "1"]

1. Nf3 Nf6 2. g3 e6 3. Bg2 Be7 4. 0-0 0-0 5. c4 d5 6. d3 b6 7. cxd5 Nxd5 8. d4 Bb7 9. Nc3 c5 10. Nxd5 Bxd5 11. dxc5 Bxc5 12. b3 Qe7 13. Bb2 Nc6 14. Qc1 Rfd8 15. Qf4 f6 16. Rad1 Rac8 17. Qh4 Nb8 18. e4 Bb7 19. e5 f5 20. Ng5 Bxf2+ 21. Kxf2 h6 22. Nxe6 Rc2+ 23. Ke3 f4+ 24. Qxf4 Nd7 25. Nxd8 Qc5+ 26. Qd4 1-0

[Event "Ceske Budejovice op"]
[Site "Ceske Budejovice"]
[Date "2024.07.05"]
[Round "7"]
[White "Aarav, A."]
[Black "Lang, Simon"]
[Result "1/2-1/2"]
[WhiteElo "1964"]
[BlackElo "2100"]
[PlyCount "134"]
[EventDate "2024.06.29"]
[EventType "swiss"]
[EventRounds "9"]
[EventCountry "CZE"]
[SourceTitle "CBM 221 Extra"]
[Source "ChessBase"]
[SourceDate "2024.09.30"]
[SourceVersion "1"]
[SourceVersionDate "2024.09.30"]
[SourceQuality "1"]

1. Nf3 Nf6 2. g3 e6 3. Bg2 d5 4. 0-0 Be7 5. d3 c5 6. Bf4 Nc6 7. a4 Nh5 8. Bd2 0-0 9. e4 dxe4 10. dxe4 Nf6 11. Re1 h6 12. c3 Na5 13. Na3 c4 14. Qe2 Bxa3 15. Rxa3 Qe7 16. e5 Nd7 17. Nd4 Nc5 18. Qg4 Kh8 19. Qh5 Nd3 20. Re2 Nc6 21. Be4 f5 22. Bxd3 cxd3 23. Re3 Bd7 24. Nf3 Rad8 25. Qh4 Qxh4 26. Nxh4 Be8 27. f4 Bh5 28. c4 Rd4 29. Raxd3 Rxc4 30. a5 Rd4 31. Rxd4 Nxd4 32. Rd3 Rd8 33. Kf2 Nc6 34. Ke3 Rxd3+ 35. Kxd3 Kg8 36. Kc4 Kf7 37. Kc5 Be2 38. Kd6 Ne7 39. Kc7 Ba6 40. Nf3 Bd3 41. Nd4 Be4 42. Nb5 Nd5+ 43. Kb8 b6 44. a6 Bd3 45. Nd6+ Ke7 46. Kxa7 Kd7 47. Kb7 Be2 48. Nc8 Bxa6+ 49. Kxa6 Kxc8 50. Kb5 Kb7 51. h4 h5 52. b3 Nc7+ 53. Kc4 Kc6 54. Be3 Na6 55. Bf2 Nc7 56. Be3 Na6 57. Bf2 Nb8 58. Be3 Nd7 59. Bf2 Nf8 60. Be3 Ng6 61. Bf2 Nh8 62. Be3 Nf7 63. Bf2 Nd8 64. Be3 Nb7 65. Bf2 Na5+ 66. Kb4 Nb7 67. Kc4 Na5+ 1/2-1/2

[Event "Ceske Budejovice op"]
[Site "Ceske Budejovice"]
[Date "2024.06.29"]
[Round "1"]
[White "Shibata, Misaki"]
[Black "Lang, Simon"]
[Result "0-1"]
[WhiteElo "1858"]
[BlackElo "2100"]
[PlyCount "96"]
[EventDate "2024.06.29"]
[EventType "swiss"]
[EventRounds "9"]
[EventCountry "CZE"]
[SourceTitle "CBM 221 Extra"]
[Source "ChessBase"]
[SourceDate "2024.09.30"]
[SourceVersion "1"]
[SourceVersionDate "2024.09.30"]
[SourceQuality "1"]

1. d4 Nf6 2. c4 e6 3. Nc3 d5 4. Bg5 Be7 5. e3 h6 6. Bh4 0-0 7. Nf3 b6 8. cxd5 Nxd5 9. Nxd5 Bxh4 10. Nxc7 Bxf2+ 11. Kxf2 Qxc7 12. Bd3 Bb7 13. Rc1 Qd6 14. Re1 Nd7 15. Kg1 Rac8 16. Qe2 e5 17. Bb1 Rfe8 18. Rxc8 Rxc8 19. Rd1 Qe6 20. Qf1 Re8 21. Qf2 Qg4 22. Bc2 Bd5 23. a3 e4 24. Nd2 Re6 25. Nf1 Rf6 26. Qe1 Rg6 27. Rd2 Nf6 28. Bd1 Qe6 29. Rf2 h5 30. Kh1 Rg5 31. Qc3 h4 32. h3 Qd7 33. Qd2 Be6 34. Qe2 Nh5 35. Qe1 Nf6 36. Qe2 Nd5 37. Bc2 Nf6 38. Bd1 Nh5 39. Qe1 Ng3+ 40. Kh2 Qd6 41. Kg1 Bxh3 42. Nd2 Be6 43. Rf4 h3 44. Nf1 Nxf1 45. Kxf1 Bc4+ 46. Be2 hxg2+ 47. Kg1 Bxe2 48. Qxe2 Qh6 0-1

[Event "CZE-ch U18"]
[Site "Jaromerice nad Rokytnou"]
[Date "2024.03.11"]
[Round "5"]
[White "Soucek, Petr"]
[Black "Lang, Simon"]
[Result "1-0"]
[WhiteElo "2209"]
[BlackElo "2043"]
[PlyCount "89"]
[EventDate "2024.03.10"]
[EventType "tourn"]
[EventRounds "11"]
[EventCountry "CZE"]
[SourceTitle "EXT 2025"]
[Source "ChessBase"]
[SourceDate "2024.10.14"]
[SourceVersion "1"]
[SourceVersionDate "2024.10.14"]
[SourceQuality "1"]

1. e4 e6 2. d4 d5 3. Nc3 Nf6 4. Bg5 dxe4 5. Nxe4 Be7 6. Bxf6 gxf6 7. Nf3 a6 8. g3 b5 9. Bg2 Bb7 10. Qe2 Nd7 11. 0-0 f5 12. Nc3 0-0 13. d5 b4 14. dxe6 bxc3 15. exd7 cxb2 16. Rab1 Qxd7 17. Rxb2 Be4 18. Rd1 Qa4 19. c4 Rad8 20. Rbd2 Rxd2 21. Nxd2 Rd8 22. Bxe4 fxe4 23. Rf1 f5 24. Nb3 Rd3 25. Qh5 Qd7 26. Rb1 Kg7 27. Rc1 h6 28. c5 Bg5 29. Re1 Rf3 30. c6 Qd5 31. Qe8 Rd3 32. h4 Bf6 33. Kh2 a5 34. Qc8 Be5 35. Kh3 a4 36. Nc1 Rf3 37. Qd7+ Qf7 38. Kg2 Rc3 39. Rd1 Rc2 40. Rd5 Bf6 41. Qxf5 Be7 42. Qg4+ Qg6 43. Qd7 Kf6 44. h5 Qh7 45. g4 1-0